[Event "Temuco Universidad de La Frontera"]
[Site "Temuco"]
[Date "2017.07.21"]
[Round "8"]
[White "Larama Denis, Giovanni Andre"]
[Black "Saez Jara, Fabio Antonio"]
[Result "0-1"]
[WhiteElo "1719"]
[BlackElo "1939"]
[PlyCount "106"]
[EventDate "2017.07.19"]
[EventType "tourn"]
[EventRounds "9"]
[EventCountry "CHI"]
[SourceTitle "EXT 2018"]
[Source "ChessBase"]
[SourceDate "2017.10.13"]
[SourceVersion "1"]
[SourceVersionDate "2017.10.13"]
[SourceQuality "1"]

1. e4 c5 2. Nc3 d6 3. g3 g6 4. d3 Bg7 5. Bg2 Nc6 6. Be3 e6 7. Nge2 Nd4 8. 0-0 Ne7 9. Qd2 Nec6 10. a3 Rb8 11. Bg5 Qa5 12. b4 cxb4 13. axb4 Qxb4 14. Rab1 Nxe2+ 15. Nxe2 Qxd2 16. Bxd2 0-0 17. Bf4 Rd8 18. Rfd1 Nd4 19. Nxd4 Bxd4 20. Bh6 Bd7 21. Rb4 Bc5 22. Rbb1 Bd4 23. Be3 Bxe3 24. fxe3 b5 25. Ra1 Ra8 26. Ra6 Bc8 27. Ra5 a6 28. Rb1 Rb8 29. c4 b4 30. Ra4 b3 31. Ra3 b2 32. Ra2 Rb3 33. Bf1 Rd7 34. Raxb2 Rxb2 35. Rxb2 Rb7 36. Rxb7 Bxb7 37. Be2 Bc6 38. Bd1 Kf8 39. Kf2 Ke7 40. e5 dxe5 41. c5 a5 42. Bb3 a4 43. Ba2 Bd5 44. Bb1 a3 45. d4 exd4 46. exd4 a2 47. Bxa2 Bxa2 48. Ke3 Bd5 49. h4 Kf6 50. Kf4 h6 51. g4 g5+ 52. hxg5+ hxg5+ 53. Ke3 Ke7 0-1

[Event "Temuco Universidad de La Frontera"]
[Site "Temuco"]
[Date "2017.07.21"]
[Round "7"]
[White "Saez Jara, Fabio Antonio"]
[Black "Castillo Rivera, Carlos Alberto"]
[Result "0-1"]
[WhiteElo "1939"]
[BlackElo "2020"]
[PlyCount "106"]
[EventDate "2017.07.19"]
[EventType "tourn"]
[EventRounds "9"]
[EventCountry "CHI"]
[SourceTitle "EXT 2018"]
[Source "ChessBase"]
[SourceDate "2017.10.13"]
[SourceVersion "1"]
[SourceVersionDate "2017.10.13"]
[SourceQuality "1"]

1. e4 c5 2. Nf3 d6 3. d4 cxd4 4. Nxd4 Nf6 5. Nc3 g6 6. Be3 Bg7 7. f3 0-0 8. Qd2 Nc6 9. Bc4 Bd7 10. 0-0-0 Rb8 11. Kb1 Ne5 12. Bb3 b5 13. Bh6 a5 14. Bxg7 Kxg7 15. f4 Nc4 16. Bxc4 bxc4 17. e5 dxe5 18. fxe5 Ng4 19. e6 Qb6 20. b3 cxb3 21. cxb3 Bxe6 22. Na4 Qd6 23. Qb2 Nf6 24. g4 Bxg4 25. Rhg1 Qf4 26. Rdf1 Qe4+ 27. Ka1 e5 28. Nc2 Rfc8 29. Na3 Bd7 30. Qf2 Qd4+ 31. Qxd4 exd4 32. Nb2 Rd8 33. Rf4 Be6 34. Rd1 Rbc8 35. Nb5 Bg4 36. Rdf1 d3 37. Rxf6 d2 38. Rxf7+ Kg8 39. Rc7 Rxc7 40. Nxc7 Rc8 41. Nc4 d1Q+ 42. Rxd1 Bxd1 43. Nd5 Rc5 44. Nde3 Bf3 45. Kb2 g5 46. Kc3 g4 47. Kd4 Rg5 48. a3 h5 49. Ne5 Be2 50. b4 a4 51. Ke4 Rg7 52. Nd5 h4 53. Ke3 g3 0-1

[Event "Temuco Universidad de La Frontera"]
[Site "Temuco"]
[Date "2017.07.21"]
[Round "9"]
[White "Saez Jara, Fabio Antonio"]
[Black "Mieres Huerta, Jason Andres"]
[Result "1-0"]
[WhiteElo "1939"]
[BlackElo "1469"]
[PlyCount "61"]
[EventDate "2017.07.19"]
[EventType "tourn"]
[EventRounds "9"]
[EventCountry "CHI"]
[SourceTitle "EXT 2018"]
[Source "ChessBase"]
[SourceDate "2017.10.13"]
[SourceVersion "1"]
[SourceVersionDate "2017.10.13"]
[SourceQuality "1"]

1. e4 e5 2. Nf3 Nc6 3. Bb5 a6 4. Ba4 d6 5. c3 Bg4 6. h3 Bxf3 7. Qxf3 Qf6 8. Qe2 Nge7 9. d3 g5 10. Nd2 Bh6 11. Nf1 0-0-0 12. Ne3 Qg6 13. Bd2 d5 14. Ng4 Bg7 15. 0-0-0 f5 16. exf5 Qxf5 17. Rhe1 d4 18. c4 h5 19. Nh2 Qg6 20. Nf1 Bh6 21. Kb1 g4 22. hxg4 hxg4 23. Ng3 Bxd2 24. Rxd2 Rh2 25. Rg1 Na7 26. Qxe5 Qh7 27. Qe6+ Kb8 28. Qxg4 Nac6 29. Qe4 Qxe4 30. Nxe4 Rg8 31. g4 1-0

[Event "Temuco Universidad de La Frontera"]
[Site "Temuco"]
[Date "2017.07.20"]
[Round "6"]
[White "Valdebenito Sepulveda, Victor Ale"]
[Black "Saez Jara, Fabio Antonio"]
[Result "0-1"]
[WhiteElo "1401"]
[BlackElo "1939"]
[PlyCount "108"]
[EventDate "2017.07.19"]
[EventType "tourn"]
[EventRounds "9"]
[EventCountry "CHI"]
[SourceTitle "EXT 2018"]
[Source "ChessBase"]
[SourceDate "2017.10.13"]
[SourceVersion "1"]
[SourceVersionDate "2017.10.13"]
[SourceQuality "1"]

1. e4 c5 2. Nf3 d6 3. Bb5+ Bd7 4. Bxd7+ Qxd7 5. d3 e6 6. 0-0 Nf6 7. Nc3 Nc6 8. Bf4 Be7 9. Qd2 a6 10. a4 b6 11. Nd1 0-0 12. c3 Rfc8 13. e5 dxe5 14. Nxe5 Nxe5 15. Bxe5 Rd8 16. Ne3 Nd5 17. Rfe1 Bg5 18. g3 f6 19. f4 Bh6 20. Nxd5 exd5 21. Bxf6 gxf6 22. Re2 d4 23. Re4 dxc3 24. Qxc3 Bg7 25. Rae1 Kf8 26. Qc4 f5 27. Re6 Qd4+ 28. Qxd4 Bxd4+ 29. Kg2 Re8 30. R6e2 Rxe2+ 31. Rxe2 Re8 32. Rxe8+ Kxe8 33. b3 Ke7 34. Kf3 h5 35. h3 Ke6 36. g4 fxg4+ 37. hxg4 hxg4+ 38. Kxg4 Bf6 39. Kf3 Kf5 40. Kg3 Be7 41. Kf3 Bd6 42. Ke2 Bxf4 43. Kd1 Ke5 44. Kc2 Kd4 45. Kb2 Kxd3 46. Ka2 Bc1 47. Kb1 Kc3 48. Ka2 a5 49. Kb1 Kxb3 50. Kxc1 Kc3 51. Kb1 Kd2 52. Kb2 c4 53. Ka2 c3 54. Ka3 c2 0-1

[Event "South America-ch U16 13th"]
[Site "Santiago de Chile"]
[Date "2016.12.02"]
[Round "2"]
[White "Santiago Vilca, Christian Amilca"]
[Black "Saez Jara, Fabio Antonio"]
[Result "1-0"]
[WhiteElo "2266"]
[BlackElo "1929"]
[PlyCount "97"]
[EventDate "2016.12.01"]
[EventType "swiss"]
[EventRounds "9"]
[EventCountry "CHI"]
[SourceTitle "EXT 2018"]
[Source "ChessBase"]
[SourceDate "2017.10.13"]
[SourceVersion "1"]
[SourceVersionDate "2017.10.13"]
[SourceQuality "1"]

1. d4 Nf6 2. c4 g6 3. Nc3 Bg7 4. e4 d6 5. Nf3 0-0 6. Be2 e5 7. 0-0 Nc6 8. d5 Ne7 9. Ne1 Nd7 10. Nd3 f5 11. Bd2 Nf6 12. f3 f4 13. c5 g5 14. cxd6 cxd6 15. Nf2 h5 16. h3 Ng6 17. Qc2 Rf7 18. Rfc1 g4 19. fxg4 hxg4 20. hxg4 Ne8 21. a4 Bf8 22. Ra3 Nh4 23. Nb5 a6 24. Rc3 Bd7 25. Na3 Rg7 26. Qd1 Nf6 27. Rh3 Ng6 28. Nc4 Rc8 29. Ba5 Qe8 30. Nb6 Rxc1 31. Qxc1 Bxa4 32. g5 Nh7 33. Ng4 Rf7 34. Nh6+ Bxh6 35. gxh6 Bd7 36. Rc3 Nf6 37. Rc7 Kh7 38. Rxb7 Bb5 39. Bxb5 axb5 40. Rxf7+ Qxf7 41. Qc2 Nh4 42. Be1 Ng6 43. Nc8 Ne8 44. Bb4 f3 45. Nxd6 Nxd6 46. Bxd6 fxg2 47. Qc7 Qxc7 48. Bxc7 Kxh6 49. Kxg2 1-0

[Event "CHI-ch qual Region de los Rios"]
[Site "Valdivia"]
[Date "2016.01.31"]
[Round "4"]
[White "Saez Jara, Fabio Antonio"]
[Black "Henriquez, Mauricio"]
[Result "0-1"]
[WhiteElo "1909"]
[BlackElo "2048"]
[PlyCount "76"]
[EventDate "2016.01.29"]
[EventType "tourn"]
[EventRounds "5"]
[EventCountry "CHI"]
[SourceTitle "EXT 2024"]
[Source "ChessBase"]
[SourceDate "2023.10.10"]
[SourceVersion "1"]
[SourceVersionDate "2023.10.10"]
[SourceQuality "1"]

1. e4 e5 2. Nf3 Nc6 3. Bb5 a6 4. Ba4 Nf6 5. d3 b5 6. Bb3 h6 7. c3 g6 8. a4 b4 9. 0-0 Bg7 10. Re1 0-0 11. cxb4 d6 12. Nc3 Nxb4 13. h3 Rb8 14. d4 exd4 15. Nxd4 Re8 16. a5 Bb7 17. Ra4 c5 18. Nc2 Bc6 19. Ra1 Nxe4 20. Nxe4 Rxe4 21. Rxe4 Bxe4 22. Ne3 Nd3 23. Nc4 d5 24. Nb6 c4 25. Bc2 Nxb2 26. Bxb2 Bxb2 27. Rb1 Bxc2 28. Qxc2 Bd4 29. Rd1 Bxb6 30. axb6 Rxb6 31. Qd2 Rd6 32. Qxh6 d4 33. h4 d3 34. h5 Qh4 35. Qe3 Qxh5 36. Qe8+ Kg7 37. Qe1 c3 38. f3 Qc5+ 0-1

[Event "CHI-ch qual Region de los Rios"]
[Site "Valdivia"]
[Date "2016.01.30"]
[Round "3"]
[White "Gomez Barrera, Javiera Belen"]
[Black "Saez Jara, Fabio Antonio"]
[Result "0-1"]
[WhiteElo "1952"]
[BlackElo "1909"]
[PlyCount "90"]
[EventDate "2016.01.29"]
[EventType "tourn"]
[EventRounds "5"]
[EventCountry "CHI"]
[SourceTitle "EXT 2024"]
[Source "ChessBase"]
[SourceDate "2023.10.10"]
[SourceVersion "1"]
[SourceVersionDate "2023.10.10"]
[SourceQuality "1"]

1. e4 c5 2. Nf3 d6 3. d4 cxd4 4. Nxd4 Nf6 5. Nc3 a6 6. Be3 b5 7. f3 e6 8. Qd2 Nbd7 9. a4 b4 10. Na2 d5 11. e5 Nxe5 12. Nxb4 Bd6 13. Be2 Bb7 14. c3 Qc7 15. h3 Nc4 16. Bxc4 Qxc4 17. Qe2 Qc7 18. Bf2 Nh5 19. Nd3 0-0 20. 0-0 Bg3 21. Rfe1 Nf4 22. Nxf4 Bxf4 23. Be3 Bd6 24. Bf2 Bc8 25. Qd3 Bd7 26. Nc2 Rfc8 27. Nd4 Rab8 28. Re2 Qc4 29. Qc2 e5 30. b3 Qxc3 31. Qxc3 Rxc3 32. Nc2 Rcxb3 33. Rd1 Rb1 34. Ree1 Rxd1 35. Rxd1 d4 36. Ne1 Bxa4 37. Ra1 Bb5 38. f4 f6 39. fxe5 fxe5 40. Nf3 Be2 41. Nd2 Rd8 42. Re1 d3 43. Ra1 Bb4 44. Be3 a5 45. Ra2 Bd1 0-1